| 000 | 00764nam a2200205 a 4500 | ||
|---|---|---|---|
| 003 | 0 | ||
| 005 | 20250423103051.0 | ||
| 008 | 050809s19uu xx 00 eng d | ||
| 050 |
_aPHS BF 724.3.R42 _b.U58 2005 |
||
| 100 | _aUnuma, Michiko R. | ||
| 245 |
_aPerception of teenagers on parental problems and peer pressure that leads to teenage rebellion / _cMichiko R. Unuma |
||
| 260 |
_aLas PiƱas City, Philippines : _bSouthville International School and Colleges, _c2005. |
||
| 300 |
_a29 pages : _billustrations ; _c28 cm. |
||
| 504 | _aIncludes bibliographical references. | ||
| 650 | _aRebelliousness in adolescence. | ||
| 650 |
_aParent and child _xPsychological aspects. |
||
| 650 | _aPeer pressure in adolescence. | ||
| 942 |
_2lcc _cPASS |
||
| 999 |
_c97314 _d97314 |
||